=LDR 00000nam 2200000 4500 =001 INLIS000000000007549 =005 20200304094539 =035 ##$$a 0010-061300000007549 =008 200304################g##########0#ind## =041 ##$$a Ind =082 ##$$a 150.192 =090 ##$$a 150.1 Wir b =100 ##$$a Brouwer, Maw =245 1#$$a Badan manusia dalam cahaya psikologi fenomenologis /$c M.A.W. Brouwer =260 ##$$a Jakarta :$b Gramedia,$c 1986 =300 ##$$a xiii, 247 hlm ; $c 21 x 14 cm =650 #4$$a Psikologi-fenomenologis =850 ##$$a NBPDMAT =084 ##$$a 150.192 BRO b =990 ##$$a 58.832/Pro.93 =990 ##$$a 36.136/Pro.90